000 00651nam a2200253 a 4500
001 14323
003 BD-JhCC
005 20250303130843.0
008 250302b19892018e a|||| ||a| 001 0 eng d
020 _a9780241339077
035 _a(BD-JhCC)14323
040 _aBD-JhCC
_dBD-JhCC
041 _aenglish
082 _a808.83
_bBUR 2018
100 _aBurroughs, William S
245 _aThe Finger /
_c William S Burroughs .
260 _aNew York:
_bPenguin Books;
_c2018.
300 _a64 p. :
_c16 cm.
490 _aPenguin Modern: 25
500 _aPenguin Modern: 25
650 _aEnglish Short stories.
942 _2ddc
_cBK
999 _c14323
_d14323